000 01976cam a2200397 i 4500
001 768714001
003 CO-MdFUSB
005 20220406124014.0
007 ta
008 070116t19971967is b 001 0 eng d
020 _a9652234567
040 _aHNW
_cCO-MdFUSB
_dHNW
_bspa
_erda
041 1 _aeng
_aheb
082 _223
_a222.1207
_bC345
090 _aBS 1245.3 .C313 1997
100 1 _aCassuto, Umberto,
_d1883-1951.
_eautor
240 1 0 _aPerush al Sefer Shemot.
245 1 2 _aA commentary on the book of Exodus
_c/ U. Cassuto ; traducido por Israel Abrahams.
264 1 _aJerusalem :
_bThe Magnes Press,
_c[1997]
264 4 _c© 1997
300 _a509 páginas ;
_c25 cm.
336 _2rdacontent
_atexto
_btxt
337 _2rdamedia
_asin mediación
_bn
338 _2rdacarrier
_avolumen
_bnc
490 1 _aPublications of the Perry Foundation for Biblical Research in the Hebrew University of Jerusalem.
504 _aIncluye referencias bibliográficas (p. 487-492).
505 0 _tParte uno. La servidumbre y la liberación (I-XVII)
_aLa servidumbre. -- El nacimiento del salvador y su crianza. -- la misión de Moisés. -- El primer intento y su fracaso. -- Preludio de una acción exitosa. -- las plagas; El éxodo de Egipto. -- La división del Mar de Juncos. -- Las tribulaciones del viaje.
505 0 _tParte dos. La Torá y sus preceptos (XVIII-XXIV)
_aIsrael es acogido como una de las naciones del mundo. -- La revelación en el Monte Sinaí. -- estatutos y ordenanzas. -- La realización del pacto -
505 0 _tParte tres. El tabernáculo y su servicio (XXV-XL)
_aInstrucciones para la construcción del tabernáculo. -- La fabricación del becerro. -- La ejecución de la obra del tabernáculo y su erección.
563 _aPasta dura
630 0 7 _aBiblia.
_pÉxodo
830 0 _aSidrat sefarim le-heker ha-Mikra mi-yisudo shel S. Sh. Peri.
942 _cREF
945 _aJTF-925
999 _c67372
_d67372